4-Letter World Capitals - Statistics

General Stats
  • This quiz has been taken 335 times
  • The average score is 10 of 14
Answer Stats
Capital % Correct
Lima
84%
Oslo
84%
Rome
83%
Riga
74%
Baku
72%
Bern
72%
Doha
72%
Lomé
71%
Malé
71%
Suva
71%
Apia
69%
Juba
69%
Kyiv
69%
Dili
66%
No matching quizzes found
Score Distribution
Percent of People with Each Score
Percentile by Number Answered
Your Score History
You have not taken this quiz